[Event "Vaxjo op"]
[Site "Vaxjo"]
[Date "2023.02.10"]
[Round "3"]
[White "Tops, Jonatan"]
[Black "Kristensen, Kaare Hove"]
[Result "0-1"]
[WhiteElo "1937"]
[BlackElo "2210"]
[PlyCount "90"]
[EventDate "2023.02.10"]
[EventType "swiss"]
[EventRounds "8"]
[EventCountry "SWE"]
[SourceTitle "CBM 212 Extra"]
[Source "ChessBase"]
[SourceDate "2023.03.31"]
[SourceVersion "1"]
[SourceVersionDate "2023.03.31"]
[SourceQuality "1"]

1. e4 c5 2. Nf3 d6 3. d4 Nf6 4. Nc3 cxd4 5. Nxd4 a6 6. Bg5 e6 7. f4 Be7 8. Qf3 Qc7 9. 0-0-0 0-0 10. Kb1 Nc6 11. f5 Nxd4 12. Rxd4 Bd7 13. g4 Bc6 14. Rd2 Nxe4 15. Nxe4 Bxg5 16. Re2 Rac8 17. h4 Be7 18. f6 Bxe4 19. Qxe4 Bxf6 20. Rf2 Qc6 21. Qxc6 Rxc6 22. Bg2 d5 23. g5 Be7 24. Rhf1 Rc4 25. Rf4 Rxf4 26. Rxf4 b5 27. c3 Bd6 28. Rf3 f5 29. Bh3 g6 30. Bf1 Rd8 31. a4 bxa4 32. Bxa6 Kf7 33. Kc2 e5 34. h5 Be7 35. hxg6+ hxg6 36. Bb5 e4 37. Rh3 Bxg5 38. Bxa4 f4 39. Rh7+ Kf6 40. Rd7 Rxd7 41. Bxd7 f3 42. Bg4 Ke5 43. b4 Kf4 44. Bh3 Kg3 45. Bf1 e3 0-1